1939 1566 1278 1321 1835 1426 1003 1182 1910 1312 1911 1955 1055 1044 1387 1457 1483 1737 1310 1793 1639 1405 1105 1333 1076 1519 1928 1667 1509 1759 1342 1222 1239 1587 1016 1695 1599 1299 1687 1719 1279 1749 1711 1188 1126 1115 1163 1295 1297 1954 1262 1970 1747 1564 1902 1196 1520 1387 1361 1450 1523 1957 1904 1090 1133 1514 1692 1256 1753 1872 1103 1836 1012 1854 1798 1861 1870 1007 1069 1974 1141 1598 1972 1271 1674 1379 1211 1400 1436 1598 1558 1555 1276 1199 1660 1548 1660 1633 1000 BCNSPRNW ULIB Ver.6.0+V

เปลี่ยนเป็นภาษาไทย

Change to English
 แสดงรายละเอียดบรรณานุกรม
  กลับหน้าหลัก

Brief Record : Get Marc (ISO 2709) : E-mail record : QR code < ปิดหน้าต่าง
LEADER : 00000nam 2200000uu 4500
001    13399127478
003     ULIB
008    200610s2016||||th 000 0 tha d
020    ^a9781492501626
060 10 ^aQT255^bE78
245 00 ^aEssentials of strength training and conditioning /^cNational Strength and Conditioning Association ; G.Gregory Haff, N. Travis Triplett, editors
250    ^a4th ed.
260    ^aChampaign, IL :^bHuman Kinetics,^c2016
300    ^axvi, 735 p. :^bill. ;^c29 cm.
504    ^aIncludes bibliographical references and index
505 0  ^a^gStructure and function of body systems / N. TravisTriplett -- Biomechanics of resistance exercise / JeffreyM. McBride -- Bioenergetics of exercise and training /Trent J. Herda and Joel T. Cramer -- Endocrine responsesto resistance exercise / William J. Kraemer, Jakob L.Vingren, and Barry A. Spiering -- Adaptations to anaerobictraining programs / Duncan French -- Adaptations toaerobic endurance training programs / Ann Swank and CarwynSharp -- Age-and sex-related differences and theirimplications for resistance exercise / Rhodri S. Lloyd andAvery D. Faigenbaum -- Psychology of athletic preparationand performance / Traci A. Statler and Andrea M. DuBois --Basic nutritional factors in health / Marie Spano --Nutritional strategies to maximize performance / MarieSpano -- Performance-enhancing substances and methods /Bill Campbell -- Principles of test selection andadministration / Michael McGuigan -- Administration,scoring, and interpretation of selected tests / MichaelMcGuigan -- Warm-up and flexibility training / IanJeffreys -- Free-weight and machine exercise technique /Scott Caulfield -- Alternative modes and nontraditionalimplement exercise technique / G. Gregory Haff, DougBerninger, and Scott Caulfield -- Resistance trainingprogram design / Jeremy M. Sheppard and N. Travis Triplett-- Plyometric training program design and technique /David H. Potach and Donald A. Chu -- Speed and agilityprogram design and technique / Brad H. DeWeese and SophiaNimphius -- Aerobic endurance program design and technique/ Benjamin H. Reuter and J. Jay Dawes -- Periodization /G. Gregory Haff -- Rehabilitation and reconditioning /David H. Potach and Terry L. Grindstaff -- Facility design,layout, and organization / Andrea Hudy -- Facilitypolicies, procedures, and legal issues / Traci Statler andVictor Brown
650  2 ^aPhysical Education and Training^xmethods
650  2 ^aAthletic Performance^xphysiology
650  2 ^aPhysical Conditioning, Human^xphysiology
650  2 ^aPhysical Fitness^xphysiology
650  2 ^aResistance Training^xmethods
700 1  ^aHaff, Greg,^eed.
700 1  ^aTriplett, N. Travis,^d1964- ,^eed.
710 2  ^aNational Strength & Conditioning Association (U.S.),^eissuing body
945    ^p0^l0^i28384
999    ^aกัณชพร จุลอักษร
รายการนี้ยังไม่มีแท็ก
คุณยังไม่ได้ล็อกอิน คุณสามารถมีกิจกรรมร่วมกับเว็บไซต์ได้ แต่ต้องล็อกอินก่อน ::
  ล็อกอิน

รายการสื่อสารสนเทศ

ลำดับที่ ประเภท เลขเรียก/บาร์โค้ด สถานที่ สถานะ
1. หนังสือสำรอง
หนังสือสำรอง
QT255 E78 ฉ.1 
  Barcode: 28384
ห้องสมุดวิทยาเขตนครสวรรค์
►หนังสือทั่วไป:l:General Books
บนชั้น

BibComment


ยังไม่เคยถูกคอมเมนท์

คอมเมนท์ทรัพยากรรายการนี้
  คอมเมนท์: Essentials of st..


 Copyright 2026. Bcnsprnw @Library